000 00835cam a2200253 a 4500
001 000011880
005 20200929162613.0
008 820414s1981 sp a b 000 0 spa
020 _a8437603056
040 _aDO-SdBNP
_cDLC
_dMH
_dDLC
050 1 4 _aPC4290
_b.M25 1981
050 0 0 _aMLCS 82/4237
082 _annn
_bM291g
100 1 _aManteca Alonso-Cortés, Á.
_d1952-
_928083
245 1 0 _aGramática del subjuntivo /
_cÁ. Manteca Alonso Cortes.
260 _aMadrid :
_bCátedra,
_c1981.
300 _a158 p. :
_bil ;
_c22 cm.
490 1 _aGramática generativa transformacional del español
504 _aBibliografía (p. 153-158)
650 0 _aSpanish language
_xSubjunctive.
_928084
830 0 _aGramática generativa transformacional del español ;
_927829
910 _aCatalogación por copia / LC
049 _aBNGR
999 _c11552
_d11552